| 000 | 00795cam a22002657a 4500 | ||
|---|---|---|---|
| 020 | _a9780124081345 | ||
| 020 | _a0124081347 | ||
| 040 | _cNLM | ||
| 082 | 0 | 4 | _a612 ELS 2014 A056 Or. |
| 245 | 0 | 0 | _aCellular endocrinology in health and disease / |
| 260 |
_aAmsterdam ; _aBoston : _bElsevier/AP, _cc2014. |
||
| 300 |
_axi, 403 p. : _bill. (chiefly col.) ; _c25 cm. |
||
| 650 | 0 | _aEndocrinology. | |
| 650 | 0 | _aEndocrine glands | |
| 650 | 0 | _aEndocrine glands | |
| 650 | 1 | 2 | _aEndocrine Glands |
| 650 | 2 | 2 | _aEndocrine System Diseases |
| 650 | 7 | _aEndocrine glands | |
| 650 | 7 | _aEndocrine glands | |
| 650 | 7 | _aEndocrinology. | |
| 700 | 1 | _aUlloa-Aguirre, Alfredo. | |
| 700 | 1 | _aConn, P. Michael. | |
| 856 | 4 | 2 | _uhttp://www.loc.gov/catdir/enhancements/fy1606/2014412502-d.html |
| 942 | _cEK | ||
| 999 |
_c15773 _d15773 |
||